000 00860nam0a22002531 4500
001 rc\2682948
005 20250623155706.0
035 _a(NLR Aleph) 006811286
090 _a6346226
_c6346226
100 _a20110915d1933 |||y0rusy50 ca
101 0 _arus
102 _aRU
105 _ay z |||||
200 1 _aКурс стрельб-32 и массовая работа
_fА. Александров, С. Панкратов
210 _aМосква
_cГос. воен. изд-во
_d1933
_gЦентр. тип. им. К. Ворошилова
215 _a100 с., 1 с. на обл.
_d20х13 см.
700 1 _aАлександров
_bА.И.
701 1 _aПанкратов
_bС.С.
_gСтепан Степанович
801 0 _aRU
_bNLR
_gpsbo
801 1 _aRU
_bELAR
_2rusmarc
852 _aNLR
_j33-3/608
942 _cBOOK
980 _aNB